Statistics for Chess Pieces by Image

Click here to take the quiz!

General Stats

  • This quiz has been taken 105 times
  • The average score is 6 of 6

Answers on the Map

Answers color-coded by a green-red scale on the quiz's map according to % correct below.
Loading ...
 

Answer Stats

% Correct
99%
96%
95%
91%
90%
89%

Score Distribution

Percentile by Number Answered

Percent of People with Each Score

Your Score History

You have not taken this quiz